Structural materials (Record no. 76919)

MARC details
000 -LEADER
fixed length control field 01303nam a2200241 a 4500
008 - FIXED-LENGTH DATA ELEMENTS--GENERAL INFORMATION
fixed length control field 120416s1990 xx |||||||||||||| || u
020 ## - INTERNATIONAL STANDARD BOOK NUMBER
International Standard Book Number 0750619015
050 ## - LIBRARY OF CONGRESS CALL NUMBER
Classification number TA 418.32 Str
100 ## - MAIN ENTRY--PERSONAL NAME
Personal name Lewis, Peter
245 10 - TITLE STATEMENT
Title Structural materials
Statement of responsibility, etc. edited by Weidmann, George
260 ## - PUBLICATION, DISTRIBUTION, ETC.
Date of publication, distribution, etc. 1990
300 ## - PHYSICAL DESCRIPTION
Extent 430p. ; ill.
350 ## -
-- 0.00
490 ## -
-- Materials in action series
650 #0 - SUBJECT ADDED ENTRY--TOPICAL TERM
Topical term or geographic name entry element MATERIALS--DYNAMIC TESTING
650 #0 - SUBJECT ADDED ENTRY--TOPICAL TERM
Topical term or geographic name entry element MATERIALS
700 ## - ADDED ENTRY--PERSONAL NAME
Personal name Reid, Nick
995 ## -
-- ANNEX COLLECTION (Main Library)
-- 0.00
-- 730138
-- CBU-MAIN LIBRARY (Kitwe)
-- 2
-- 11.00
-- TA 418.32 Str
-- 2
-- AVAILABLE
-- 027156
-- Annex Low-Usage Collection
995 ## -
-- ANNEX COLLECTION (Main Library)
-- 0.00
-- 730278
-- CBU-MAIN LIBRARY (Kitwe)
-- 4
-- 11.00
-- TA 418.32 Str
-- 4
-- AVAILABLE
-- 027134
-- Annex Low-Usage Collection
995 ## -
-- ANNEX COLLECTION (Main Library)
-- 0.00
-- 730137
-- CBU-MAIN LIBRARY (Kitwe)
-- 5
-- 11.00
-- TA 418.32 Str
-- 5
-- AVAILABLE
-- 027212
-- Annex Low-Usage Collection
995 ## -
-- ANNEX COLLECTION (Main Library)
-- 0.00
-- 730136
-- CBU-MAIN LIBRARY (Kitwe)
-- 1
-- 11.00
-- TA 418.32 Str
-- 1
-- AVAILABLE
-- 027211
-- Annex Low-Usage Collection
995 ## -
-- ANNEX COLLECTION (Main Library)
-- 0.00
-- 730279
-- CBU-MAIN LIBRARY (Kitwe)
-- 3
-- 11.00
-- TA 418.32 Str
-- 3
-- AVAILABLE
-- Jul 26, 2006
-- 027135
-- Annex Low-Usage Collection
999 ## -
-- 76919
-- 76919
Holdings
Withdrawn status Lost status Source of classification or shelving scheme Damaged status Not for loan Permanent Location Current Location Shelving location Date acquired Total Checkouts Full call number Barcode Date last seen Copy number Price effective from Koha item type
          CBU-MAIN LIBRARY, KITWE. CBU-MAIN LIBRARY, KITWE.   04/25/2023   TA 418.32 Str 027156 04/25/2023 1 04/25/2023 MONOGRAPH
Withdrawn         CBU-MAIN LIBRARY, KITWE. CBU-MAIN LIBRARY, KITWE.   04/25/2023   TA 418.32 Str 027134 04/25/2023 2 04/25/2023 MONOGRAPH
Withdrawn         CBU-MAIN LIBRARY, KITWE. CBU-MAIN LIBRARY, KITWE.   04/25/2023   TA 418.32 Str 027212 04/25/2023 3 04/25/2023 MONOGRAPH
          CBU-MAIN LIBRARY, KITWE. CBU-MAIN LIBRARY, KITWE.   04/25/2023   TA 418.32 Str 027211 04/25/2023 4 04/25/2023 MONOGRAPH
Withdrawn         CBU-MAIN LIBRARY, KITWE. CBU-MAIN LIBRARY, KITWE.   04/25/2023   TA 418.32 Str 027135 04/25/2023 5 04/25/2023 MONOGRAPH